Bosquejo histórico del álgebra lineal /
Na minha lista:
| Autor principal: | |
|---|---|
| Formato: | Texto |
| Assuntos: | |
| Tags: |
Adicionar Tag
Sem tags, seja o primeiro a adicionar uma tag!
|
MARC
| LEADER | 00000 a a2200000 04500 | ||
|---|---|---|---|
| 001 | 13585 | ||
| 003 | |||
| 040 | |||
| 100 | |a Boza C., Juan | ||
| 245 | |a Bosquejo histórico del álgebra lineal / |c Juan Boza C. | ||
| 650 | |a HISTORIA | ||
| 650 | |a MATEMATICAS | ||
| 650 | |a CIENCIA | ||
| 773 | |g número 72; páginas 23-36 | ||
| 999 | |c 21852 |d 21852 | ||
